La grande encyclopédie. No.16
Gorde:
| Formatua: | Liburua |
|---|---|
| Hizkuntza: | Undetermined |
| Argitaratua: |
Paris
Larousse
1972
|
| Gaiak: | |
| Etiketak: |
Etiketa erantsi
Etiketarik gabe, Izan zaitez lehena erregistro honi etiketa jartzen!
|
| Thư viện lưu trữ: | Trung tâm Học liệu Trường Đại học Cần Thơ |
|---|
| LEADER | 00423nam a2200157Ia 4500 | ||
|---|---|---|---|
| 001 | CTU_25704 | ||
| 008 | 210402s9999 xx 000 0 und d | ||
| 082 | |a 034 | ||
| 082 | |b G751/No.16 | ||
| 245 | 0 | |a La grande encyclopédie. No.16 | |
| 260 | |a Paris | ||
| 260 | |b Larousse | ||
| 260 | |c 1972 | ||
| 650 | |a encyclopedias and dictionaries | ||
| 904 | |i Minh, 980929 | ||
| 980 | |a Trung tâm Học liệu Trường Đại học Cần Thơ | ||